000 01069cam a2200301 a 4500
001 1581298
005 20150505090444.0
006 000
007 000
008 000
010 _a 93048074
020 _a0126050708 (acidfree paper)
040 _aUOEL
_cDLC
_dDLC
050 0 0 _aQE461
_b.M237124 1994
082 0 0 _a552/.1
_220
245 0 0 _aMagmatic systems /
_cedited by Michael P. Ryan.
260 _aSan Diego :
_bAcademic Press,
_cc1994.
300 _axxii, 401 p. :
_bill. (some col.) ;
_c26 cm.
440 0 _aInternational geophysics series ;
_vv. 57
504 _aIncludes bibliographical references and indexes.
650 0 _aMagmatism.
700 1 _aRyan, Michael P.,
_d1943-
856 4 2 _3Publisher description
_uhttp://www.loc.gov/catdir/description/els032/93048074.html
856 4 1 _3Table of contents
_uhttp://www.loc.gov/catdir/toc/els032/93048074.html
906 _a7
_bcbc
_corignew
_d1
_eocip
_f19
_gy-gencatlg
942 _2lcc
_cLL
999 _c6458
_d6458